000 01416nam a22003497a 4500
003 CHAP
005 20220329143836.0
008 111206s2011 mx r 00010 spa d
010 _a102643
011 _a103615
035 _a114304
040 _cCHAP
090 _aTesis
100 0 0 _aOlvera Carmona, Jehnny Alondra.
_983229
245 1 0 _aMujer jornalera en la agricultura protegida :
_bestudio de caso en Zacatecas
_h[En línea]
_c/por Jehnny Alondra Olvera Carmona
260 _aZacatecas, Zacatecas, México. :
_bEl autor,
_c2011
500 _aPara ver el contenido del material haga clic en la liga
502 _aTesis (M.C. en Desarrollo Rural Regional) -- UACH. Dirección de Centros Regionales Universitarios
590 _aALEPH
_b10
_c20130110
_lUCH01
_h1543
590 _aBATCH-UPD
_b10
_c20130110
_lUCH01
_h1509
590 _aBATCH-UPD
_b10
_c20140324
_lUCH01
_h1529
590 _aBATCH-UPD
_b10
_c20141002
_lUCH01
_h0852
590 _aCONVERSION
_b10
_c20130109
_lUCH01
_h1356
650 1 4 _aMujer en agricultura.
_979359
650 1 4 _aMujer en comunidades rurales
_zZacatecas.
_979398
650 1 4 _aTrabajo de la mujer.
_9114490
856 _3Finding aid
_uhttp://10.13.5.2/tesis/114304.pdf
_zTeclea aqui
901 _aBK
942 _cFOLL
949 _aTesis
_bBC
_cTES
_d33724002315892
_eTS2
_fc.2
_gDonaciØn
_h53121
_i114304
_st
949 _aTesis
_bBC
_cTES
_d33724002315934
_eTS1
_gDonaciØn
_h53120
_i114304
_st
999 _c102643
_d102643